Guess the 1970s song lyrics #324 - Statistics

General Stats
  • This quiz has been taken 11 times
  • The average score is 176 of 236
Answer Stats
Answer % Correct
a
100%
back
100%
Back
100%
By
100%
get
100%
Got
100%
got
100%
I
100%
the
100%
time
100%
to
100%
We
100%
we
100%
who
100%
But
89%
came
89%
me
89%
our
89%
were
89%
where
89%
Woodstock
89%
am
78%
And
78%
and
78%
are
78%
asked
78%
can
78%
down
78%
garden
78%
He
78%
he
78%
in
78%
In
78%
is
78%
know
78%
of
78%
ourselves
78%
song
78%
Well
78%
you
78%
along
67%
don't
67%
for
67%
going
67%
golden
67%
half
67%
I'm
67%
it's
67%
man
67%
million
67%
my
67%
road
67%
then
67%
This
67%
told
67%
upon
67%
walk
67%
walking
67%
was
67%
year
67%
band
56%
celebration
56%
child
56%
farm
56%
God
56%
have
56%
him
56%
into
56%
rock
56%
roll
56%
Said
56%
stardust
56%
strong
56%
Tell
56%
we've
56%
Above
44%
beside
44%
bomber
44%
butterflies
44%
dreamed
44%
free
44%
Gonna
44%
land
44%
life
44%
maybe
44%
nation
44%
old
44%
Riding
44%
set
44%
shotgun
44%
sky
44%
soul
44%
turning
44%
Turning
44%
billion
33%
carbon
33%
cog
33%
come
33%
feel
33%
jet
33%
join
33%
learning
33%
lose
33%
myself
33%
smog
33%
somethin
33%
Yes
33%
caught
22%
everywhere
22%
planes
22%
bargain
11%
devil's
11%
Yagur's
0%
No matching quizzes found
Score Distribution
Percent of People with Each Score
Percentile by Number Answered
Your Score History
You have not taken this quiz